| 000 | 00000nam##2200000za#4500 |
| 001 | 9.700215 |
| 003 | CaOODSP |
| 005 | 20210625000732 |
| 007 | cr ||||||||||| |
| 008 | 150407|2015||||xxc|||||o f|0| 0 eng|d |
| 020 | |a978-1-100-25503-3 |
| 040 | |aCaOODSP|beng |
| 043 | |an-cn--- |
| 086 | 1 |aHP40-72/2015E-PDF |
| 110 | 2 |aPublic Health Agency of Canada. |
| 245 | 10|aHepatitis C - get the facts |h[electronic resource] |
| 260 | |aOttawa - Ontario : |bPublic Health Agency of Canada |c[2015]. |
| 300 | |a1p. |
| 590 | |a15-13|b2015-03-27 |
| 690 | 07|aHepatitis|2gcpds |
| 775 | 08|tHépatite C - informez-vous |w(CaOODSP)9.644115 |
| 776 | 0#|tHepatitis C - get the facts : |w(CaOODSP)9.677921 |
| 776 | 0#|tHépatite C - informez-vous : |w(CaOODSP)9.677922 |
| 856 | 40|ahttp://publications.gc.ca|qPDF|s627 KB|uhttps://publications.gc.ca/collections/collection_2015/aspc-phac/HP40-72-2015-eng.pdf |
| 986 | |aPub.: 140405 |